书目信息 |
| 题名: |
郁达夫自述
|
|
| 作者: | 郁达夫 著 ;文明国 编 | |
| 分册: | ||
| 出版信息: | 合肥 安徽文艺出版社 2014 |
|
| 页数: | 267页 | |
| 开本: | 24cm | |
| 丛书名: | 二十世纪名人自述系列 | |
| 单 册: | ||
| 中图分类: | K825.6=6 | |
| 科图分类: | ||
| 主题词: | ||
| 电子资源: | ||
| ISBN: | 978-7-5396-4856-9 | |
| 000 | 00907oam2 2200265 45 | |
| 001 | 012001002307 | |
| 005 | 20140926114739.0 | |
| 010 | @a978-7-5396-4856-9@dCNY46.00 | |
| 100 | @a20141121d2014 em y0chiy50 ea | |
| 101 | 0 | @achi |
| 102 | @aCN@b340000 | |
| 105 | @ay z 000ya | |
| 106 | @ar | |
| 200 | 1 | @a郁达夫自述@9yu da fu zi shu@f郁达夫著@g文明国编 |
| 210 | @a合肥@c安徽文艺出版社@d2014 | |
| 215 | @a267页@d24cm | |
| 225 | 1 | @a二十世纪名人自述系列@h第三辑 |
| 330 | @a本书分为五编,精选了作者郁达夫的自传、题序、散文和游记等二十余篇,内容既有其自述与追忆,又有其漫游随记和交往感悟,还有其与当时一些名人的交往文章。 | |
| 461 | 0 | @12001 @a二十世纪名人自述系列 |
| 600 | 0 | @a郁达夫@f(1896-1945)@x自传 |
| 690 | @aK825.6=6@v5 | |
| 701 | 0 | @a郁达夫@9yu da fu@f(1896.12-1945.8)@4著 |
| 702 | 0 | @a文明国@9wen ming guo@4编 |
| 801 | 0 | @aCN@b上海新华@c20180901 |
| 905 | @b1152952-6@dK825.6@e1159@f5 | |
| 郁达夫自述/郁达夫著/文明国编.-合肥:安徽文艺出版社,2014 |
| 267页;24cm.-(二十世纪名人自述系列.第三辑) |
| ISBN 978-7-5396-4856-9:CNY46.00 |
| 本书分为五编,精选了作者郁达夫的自传、题序、散文和游记等二十余篇,内容既有其自述与追忆,又有其漫游随记和交往感悟,还有其与当时一些名人的交往文章。 |
| ● |
| 相关链接 |
|
|
|
|
正题名:郁达夫自述
索取号:K825.6/1159
 
预约/预借
| 序号 | 登录号 | 条形码 | 馆藏地/架位号 | 状态 | 备注 |
| 1 | 1152952 | 211529522 | 第二样本阅览室/ [索取号:K825.6/1159] | 在馆 | |
| 2 | 1152953 | 211529531 | 第二借阅区/ [索取号:K825.6/1159] | 在馆 | |
| 3 | 1152954 | 211529540 | 第二借阅区/ [索取号:K825.6/1159] | 在馆 | |
| 4 | 1152955 | 211529559 | 密集书库-史法系/ [索取号:K825.6/1159] | 在馆 | |
| 5 | 1152956 | 211529568 | 第二借阅区/ [索取号:K825.6/1159] | 在馆 |